000 01472nam0a2200409 4500
001 RU\NLR\bibl\287455
005 20260406155822.0
010 _a5-220-00099-3
_bСофия
010 _a5-344-00036-7
_bГелиос
_95000
021 _aRU
_b2002-12289
_9609
035 _a(NLR Aleph) 000282874
090 _a1655564
_c1655564
100 _a20020711d2002 |||y0rusy50 ca
101 1 _arus
_ceng
102 _aRU
_aUA
105 _aa |||||||||
200 1 _aСовершенствование мужской сексуальной энергии
_fМантэк Чиа, Майкл Винн
_g[Пер. с англ. В. Липатов ]
210 _aКиев
_cСофия
_aМ.
_cГелиос
_d2002
215 _a351 с.
_cил.
_d21
225 1 _aДаосские секреты
606 0 _aМужчины
_xСексуальность
_92094629
_3RU\NLR\auth\661267465
606 0 _aСексуальность у мужчин
_92086375
_3RU\NLR\auth\661262508
610 0 _aСексология мужская
610 0 _aДаосизм
675 _a159.961
_v3
_zrus
686 _a15
_2rugasnti
686 _a88.6
_2rubbk
686 _aР702
700 1 _4070
_8rus
_7ca
_aЧиа
_bМ.
_f1944-
_gМантэк
_3RU\NLR\auth\777960
_9117882
701 1 _aВинн
_bМ.
_gМайкл
_4070
801 0 _aRU
_bRKP
_c20020711
_gPSBO
801 1 _aRU
_bRKP
_c20020711
801 2 _aRU
_bNLR
_c20101210
_grcr
942 _cBOOK
980 _aNB